Statistics for Biggest Countries with Two Vowels

Click here to take the quiz!

General Stats

  • This quiz has been taken 97 times
    (91 since last reset)
  • The average score is 15 of 20

Answer Stats

kmCountry% Correct
9,572,900China
98%
8,515,767Brazil
94%
640,679France
90%
505,992Spain
89%
1,285,216Peru
88%
377,930Japan
83%
756,102Chile
80%
1,648,195Iran
78%
438,317Iraq
77%
1,886,068Sudan
72%
450,295Sweden
70%
1,267,000Niger
69%
1,240,192Mali
69%
783,562Turkey
68%
338,424Finland
67%
1,759,540Libya
67%
580,367Kenya
67%
527,968Yemen
57%
357,114Germany
56%
676,578Burma
41%

Score Distribution

Percentile by Number Answered

Percent of People with Each Score

Your Score History

You have not taken this quiz since the last reset